[Event "8th Vellmar Chess Days"]
[Site "chess24.com"]
[Date "2016.07.28"]
[Round "1"]
[White "Kaufmann, Gunther"]
[Black "Gorzinski, Dariusz"]
[Result "1/2-1/2"]
[Board "30"]
[WhiteElo "1829"]
[WhiteCountry "GER"]
[WhiteFideId "4669509"]
[WhiteEloChange "6"]
[BlackElo "2047"]
[BlackCountry "GER"]
[BlackFideId "1271836"]
[BlackEloChange "-6"]

1. e4 {[%clk 1:30:30]} c6 {[%clk 1:30:30]} 2. d4 {[%clk 1:30:30]} d5 {[%clk
1:30:30]} 3. exd5 {[%clk 1:30:30]} cxd5 {[%clk 1:30:30]} 4. c4 {[%clk 1:30:30]}
Nf6 {[%clk 1:30:30]} 5. Nc3 {[%clk 1:30:30]} Nc6 {[%clk 1:30:30]} 6. Nf3 {[%clk
1:30:30]} Bg4 {[%clk 1:30:30]} 7. Be3 {[%clk 1:30:30]} e6 {[%clk 1:30:30]} 8. c5
{[%clk 1:30:30]} Be7 {[%clk 1:30:30]} 9. Be2 {[%clk 1:30:30]} O-O {[%clk
1:30:30]} 10. O-O {[%clk 1:30:30]} Ne4 {[%clk 1:30:30]} 11. Qb3 {[%clk 1:30:30]}
Na5 {[%clk 1:30:30]} 12. Qc2 {[%clk 1:30:30]} Bxf3 {[%clk 1:30:30]} 13. Bxf3
{[%clk 1:30:30]} Nxc3 {[%clk 1:30:30]} 14. Qxc3 {[%clk 1:30:30]} Bf6 {[%clk
1:30:30]} 15. b4 {[%clk 1:30:30]} Nc4 {[%clk 1:30:30]} 16. Be2 {[%clk 1:30:30]}
b5 {[%clk 1:30:30]} 17. a4 {[%clk 1:30:30]} a5 {[%clk 1:30:30]} 18. axb5 {[%clk
1:30:30]} axb4 {[%clk 1:30:30]} 19. Rxa8 {[%clk 1:30:30]} Qxa8 {[%clk 1:30:30]}
20. Ra1 {[%clk 1:30:30]} Qb7 {[%clk 1:30:30]} 21. Ra2 {[%clk 1:30:30]} Ra8 {[%clk
1:30:30]} 22. Qa1 {[%clk 1:30:30]} Rxa2 {[%clk 1:30:30]} 23. Qxa2 {[%clk
1:30:30]} Kf8 {[%clk 1:30:48]} 1/2-1/2

[Event "8th Vellmar Chess Days"]
[Site "chess24.com"]
[Date "2016.07.28"]
[Round "1"]
[White "Buschle, Lukas"]
[Black "Nielsen, Michael Volstrup"]
[Result "1-0"]
[Board "31"]
[WhiteElo "2042"]
[WhiteCountry "GER"]
[WhiteFideId "12923931"]
[WhiteEloChange "4"]
[BlackElo "1827"]
[BlackCountry "DEN"]
[BlackFideId "1454749"]
[BlackEloChange "-4"]

1. d4 {[%clk 1:30:56]} d5 {[%clk 1:30:46]} 2. c4 {[%clk 1:31:20]} e6 {[%clk
1:31:09]} 3. Nc3 {[%clk 1:31:45]} Nf6 {[%clk 1:31:30]} 4. Nf3 {[%clk 1:32:06]}
Be7 {[%clk 1:31:40]} 5. Bg5 {[%clk 1:32:26]} O-O {[%clk 1:31:45]} 6. e3 {[%clk
1:32:44]} h6 {[%clk 1:32:00]} 7. Bh4 {[%clk 1:32:43]} b6 {[%clk 1:31:39]} 8. cxd5
{[%clk 1:29:19]} Nxd5 {[%clk 1:31:28]} 9. Bxe7 {[%clk 1:28:46]} Qxe7 {[%clk
1:31:38]} 10. Nxd5 {[%clk 1:28:32]} exd5 {[%clk 1:32:02]} 11. Rc1 {[%clk
1:27:10]} Be6 {[%clk 1:29:52]} 12. Be2 {[%clk 1:22:09]} c5 {[%clk 1:29:09]} 13.
O-O {[%clk 1:21:40]} c4 {[%clk 1:17:33]} 14. Nd2 {[%clk 1:15:07]} Bf5 {[%clk
1:16:59]} 15. Bf3 {[%clk 1:12:51]} Rd8 {[%clk 1:08:38]} 16. Nxc4 {[%clk 1:08:08]}
Na6 {[%clk 0:44:42]} 17. Ne5 {[%clk 1:05:53]} Rd6 {[%clk 0:39:39]} 18. Qb3 {[%clk
1:01:14]} Be4 {[%clk 0:28:59]} 19. Bxe4 {[%clk 0:51:35]} dxe4 {[%clk 0:28:31]}
20. Qa3 {[%clk 0:51:25]} Nc7 {[%clk 0:24:13]} 21. Rc6 {[%clk 0:43:21]} Re6 {[%clk
0:23:25]} 22. Qxe7 {[%clk 0:39:20]} Rxe7 {[%clk 0:23:32]} 23. Rfc1 {[%clk
0:38:33]} Nd5 {[%clk 0:15:55]} 24. a3 {[%clk 0:38:30]} Rd8 {[%clk 0:13:02]} 25.
Kf1 {[%clk 0:36:14]} Kf8 {[%clk 0:10:12]} 26. Ke2 {[%clk 0:33:19]} Rb7 {[%clk
0:09:47]} 27. R6c2 {[%clk 0:26:47]} a5 {[%clk 0:07:18]} 28. f3 {[%clk 0:17:26]}
f5 {[%clk 0:07:42]} 29. fxe4 {[%clk 0:16:59]} fxe4 {[%clk 0:08:10]} 30. Rf1+
{[%clk 0:15:49]} Nf6 {[%clk 0:07:23]} 31. Ng4 {[%clk 0:15:25]} Ke7 {[%clk
0:03:30]} 32. Nxf6 {[%clk 0:15:43]} gxf6 {[%clk 0:03:59]} 33. Rf4 {[%clk
0:15:35]} 1-0

[Event "8th Vellmar Chess Days"]
[Site "chess24.com"]
[Date "2016.07.28"]
[Round "1"]
[White "Koenig, Friedrich Theodor"]
[Black "Doerge, Sven"]
[Result "0-1"]
[Board "32"]
[WhiteElo "1805"]
[WhiteCountry "GER"]
[WhiteFideId "12956600"]
[WhiteEloChange "-4"]
[BlackElo "2039"]
[BlackCountry "GER"]
[BlackFideId "24657638"]
[BlackEloChange "4"]

1. d4 {[%clk 1:30:57]} d5 {[%clk 1:30:22]} 2. c4 {[%clk 1:31:16]} e6 {[%clk
1:30:27]} 3. Nc3 {[%clk 1:31:40]} f5 {[%clk 1:30:44]} 4. Nf3 {[%clk 1:30:19]} Nf6
{[%clk 1:31:01]} 5. g3 {[%clk 1:29:57]} c6 {[%clk 1:31:28]} 6. Bg2 {[%clk
1:28:25]} Bd6 {[%clk 1:29:35]} 7. O-O {[%clk 1:22:30]} Nbd7 {[%clk 1:29:40]} 8.
b3 {[%clk 1:15:42]} O-O {[%clk 1:29:27]} 9. Bb2 {[%clk 1:14:02]} Ng4 {[%clk
1:23:08]} 10. a4 {[%clk 1:05:15]} Qe7 {[%clk 1:22:37]} 11. Qc1 {[%clk 1:02:08]}
f4 {[%clk 1:20:17]} 12. Ba3 {[%clk 1:01:23]} fxg3 {[%clk 1:18:38]} 13. hxg3
{[%clk 1:01:41]} Bxa3 {[%clk 1:15:16]} 14. Qxa3 {[%clk 0:59:12]} Qf7 {[%clk
1:12:29]} 15. Nh2 {[%clk 0:45:24]} Nxh2 {[%clk 1:08:33]} 16. Kxh2 {[%clk
0:45:52]} Qh5+ {[%clk 1:08:46]} 17. Kg1 {[%clk 0:45:33]} Nf6 {[%clk 1:08:34]} 18.
Bf3 {[%clk 0:40:49]} Ng4 {[%clk 1:06:51]} 19. Bxg4 {[%clk 0:40:43]} Qxg4 {[%clk
1:07:19]} 20. Rad1 {[%clk 0:39:51]} h5 {[%clk 1:06:01]} 21. Qe7 {[%clk 0:36:16]}
b6 {[%clk 0:50:36]} 22. Kg2 {[%clk 0:25:34]} e5 {[%clk 0:44:18]} 23. Qxe5 {[%clk
0:16:44]} Qh3+ {[%clk 0:43:18]} 24. Kg1 {[%clk 0:17:08]} dxc4 {[%clk 0:42:13]}
25. bxc4 {[%clk 0:16:55]} Ba6 {[%clk 0:40:13]} 26. d5 {[%clk 0:11:05]} Rae8
{[%clk 0:40:11]} 27. Qd4 {[%clk 0:10:44]} cxd5 {[%clk 0:36:59]} 28. Qxd5+ {[%clk
0:09:49]} Rf7 {[%clk 0:37:11]} 29. e4 {[%clk 0:08:56]} Bc8 {[%clk 0:36:06]} 30.
Rd3 {[%clk 0:08:21]} Be6 {[%clk 0:35:58]} 31. Qb5 {[%clk 0:07:02]} Rc8 {[%clk
0:35:02]} 32. Nd5 {[%clk 0:06:34]} h4 {[%clk 0:34:08]} 33. Qb4 {[%clk 0:04:31]}
Kh7 {[%clk 0:30:16]} 34. Qc3 {[%clk 0:04:02]} Rcf8 {[%clk 0:29:31]} 35. f4 {[%clk
0:03:15]} Qg4 {[%clk 0:27:13]} 36. Rff3 {[%clk 0:01:57]} Bxd5 {[%clk 0:26:08]}
37. exd5 {[%clk 0:01:06]} Rxf4 {[%clk 0:26:15]} 38. Rxf4 {[%clk 0:00:43]} Rxf4
{[%clk 0:26:41]} 39. Qe5 {[%clk 0:00:31]} Re4 {[%clk 0:26:06]} 40. Qd6 {[%clk
0:31:00]} 0-1

[Event "8th Vellmar Chess Days"]
[Site "chess24.com"]
[Date "2016.07.28"]
[Round "1"]
[White "Eggenstein, Frank"]
[Black "Reitz, Theresa"]
[Result "1-0"]
[Board "33"]
[WhiteElo "2032"]
[WhiteCountry "GER"]
[WhiteFideId "4651278"]
[WhiteEloChange "5"]
[BlackElo "1824"]
[BlackCountry "GER"]
[BlackFideId "12971901"]
[BlackEloChange "-5"]

1. e4 {[%clk 1:30:57]} c5 {[%clk 1:30:50]} 2. Nf3 {[%clk 1:31:16]} e6 {[%clk
1:31:05]} 3. c3 {[%clk 1:31:22]} a6 {[%clk 1:27:29]} 4. d4 {[%clk 1:31:18]} cxd4
{[%clk 1:26:26]} 5. cxd4 {[%clk 1:31:40]} b5 {[%clk 1:25:12]} 6. Bd3 {[%clk
1:30:20]} Bb7 {[%clk 1:24:31]} 7. O-O {[%clk 1:29:40]} d6 {[%clk 1:18:40]} 8. a3
{[%clk 1:22:22]} Nf6 {[%clk 1:15:48]} 9. Nc3 {[%clk 1:22:28]} Be7 {[%clk
1:15:02]} 10. Qe2 {[%clk 0:58:42]} O-O {[%clk 1:10:41]} 11. Rd1 {[%clk 0:58:55]}
Nbd7 {[%clk 1:01:21]} 12. h3 {[%clk 0:54:34]} Nb6 {[%clk 0:53:13]} 13. b3 {[%clk
0:43:06]} Rc8 {[%clk 0:48:19]} 14. Bd2 {[%clk 0:43:17]} h6 {[%clk 0:44:00]} 15.
Re1 {[%clk 0:37:22]} Re8 {[%clk 0:40:52]} 16. Qe3 {[%clk 0:27:09]} Nh7 {[%clk
0:32:39]} 17. Ne2 {[%clk 0:23:50]} Ng5 {[%clk 0:23:33]} 18. Nxg5 {[%clk 0:19:48]}
Bxg5 {[%clk 0:23:15]} 19. f4 {[%clk 0:19:37]} Bh4 {[%clk 0:21:00]} 20. g3 {[%clk
0:15:54]} Be7 {[%clk 0:20:33]} 21. Qf2 {[%clk 0:14:51]} d5 {[%clk 0:13:45]} 22.
e5 {[%clk 0:14:09]} Rf8 {[%clk 0:12:19]} 23. Ba5 {[%clk 0:10:59]} Rc6 {[%clk
0:11:11]} 24. Kh2 {[%clk 0:05:50]} Kh8 {[%clk 0:06:53]} 25. Ng1 {[%clk 0:06:04]}
Bc8 {[%clk 0:06:15]} 26. Nf3 {[%clk 0:06:10]} Bd7 {[%clk 0:06:04]} 27. g4 {[%clk
0:06:19]} Qc8 {[%clk 0:05:28]} 28. Rg1 {[%clk 0:05:55]} b4 {[%clk 0:04:17]} 29.
Bxb4 {[%clk 0:04:34]} Bxb4 {[%clk 0:04:38]} 30. axb4 {[%clk 0:05:02]} Rc3 {[%clk
0:03:08]} 31. Rgd1 {[%clk 0:03:36]} Rxb3 {[%clk 0:03:07]} 32. g5 {[%clk 0:01:40]}
Nc4 {[%clk 0:01:03]} 33. Kh1 {[%clk 0:01:38]} Nb2 {[%clk 0:00:46]} 34. gxh6
{[%clk 0:01:15]} gxh6 {[%clk 0:00:33]} 35. Qh4 {[%clk 0:01:38]} Nxd3 {[%clk
0:00:33]} 1-0

[Event "8th Vellmar Chess Days"]
[Site "chess24.com"]
[Date "2016.07.28"]
[Round "1"]
[White "Lukas, Anne"]
[Black "Krausse, Eckhard"]
[Result "1/2-1/2"]
[Board "34"]
[WhiteElo "1821"]
[WhiteCountry "GER"]
[WhiteFideId "12945064"]
[WhiteEloChange "5"]
[BlackElo "2030"]
[BlackCountry "GER"]
[BlackFideId "4638174"]
[BlackEloChange "-5"]

1. d4 {[%clk 1:30:58]} Nf6 {[%clk 1:29:33]} 2. c4 {[%clk 1:31:22]} g6 {[%clk
1:29:26]} 3. Nc3 {[%clk 1:31:43]} Bg7 {[%clk 1:29:49]} 4. e4 {[%clk 1:32:08]} d6
{[%clk 1:29:14]} 5. Be2 {[%clk 1:32:24]} O-O {[%clk 1:25:58]} 6. Nf3 {[%clk
1:32:20]} c6 {[%clk 1:24:32]} 7. O-O {[%clk 1:31:54]} a6 {[%clk 1:20:58]} 8. b4
{[%clk 1:29:25]} c5 {[%clk 1:10:48]} 9. bxc5 {[%clk 1:27:03]} dxc5 {[%clk
1:08:43]} 10. e5 {[%clk 1:27:16]} Ng4 {[%clk 1:08:37]} 11. Nd5 {[%clk 1:15:47]}
cxd4 {[%clk 1:03:18]} 12. Ba3 {[%clk 1:07:04]} Nc6 {[%clk 1:00:08]} 13. Nxd4
{[%clk 1:02:23]} Ngxe5 {[%clk 0:57:55]} 14. Nxc6 {[%clk 1:02:35]} Nxc6 {[%clk
0:57:38]} 15. Rb1 {[%clk 1:02:36]} Rb8 {[%clk 0:56:45]} 16. Re1 {[%clk 1:00:34]}
Re8 {[%clk 0:55:20]} 17. Bc5 {[%clk 0:56:52]} e5 {[%clk 0:40:11]} 18. Bb6 {[%clk
0:52:47]} Qg5 {[%clk 0:38:14]} 19. Bc7 {[%clk 0:50:47]} Bf5 {[%clk 0:30:36]} 20.
Rb3 {[%clk 0:48:46]} Rbc8 {[%clk 0:29:20]} 21. Rg3 {[%clk 0:47:43]} Qh4 {[%clk
0:28:00]} 22. Bg4 {[%clk 0:42:22]} Nd4 {[%clk 0:23:32]} 23. Bxf5 {[%clk 0:42:17]}
Nxf5 {[%clk 0:22:31]} 24. Rg4 {[%clk 0:42:35]} Qh5 {[%clk 0:19:49]} 25. f3 {[%clk
0:33:29]} Nd4 {[%clk 0:16:30]} 26. Rge4 {[%clk 0:31:05]} Qf5 {[%clk 0:16:13]} 27.
f4 {[%clk 0:28:59]} Nc6 {[%clk 0:10:16]} 1/2-1/2

[Event "8th Vellmar Chess Days"]
[Site "chess24.com"]
[Date "2016.07.28"]
[Round "1"]
[White "Werner, Martin"]
[Black "Hommer, Jeremy"]
[Result "1-0"]
[Board "35"]
[WhiteElo "2023"]
[WhiteCountry "GER"]
[WhiteFideId "4607970"]
[WhiteEloChange "5"]
[BlackElo "1813"]
[BlackCountry "GER"]
[BlackFideId "12992577"]
[BlackEloChange "-5"]

1. d4 {[%clk 1:30:30]} d5 {[%clk 1:30:30]} 2. Nc3 {[%clk 1:30:30]} f5 {[%clk
1:30:30]} 3. Bf4 {[%clk 1:30:30]} Nf6 {[%clk 1:30:30]} 4. e3 {[%clk 1:30:30]} e6
{[%clk 1:30:30]} 5. a3 {[%clk 1:30:36]} Be7 {[%clk 1:29:04]} 6. h3 {[%clk
1:26:36]} O-O {[%clk 1:26:59]} 7. Nf3 {[%clk 1:25:44]} c6 {[%clk 1:23:45]} 8. Bd3
{[%clk 1:22:10]} Ne4 {[%clk 1:21:21]} 9. g4 {[%clk 1:10:11]} Nd7 {[%clk 1:07:23]}
10. gxf5 {[%clk 6:01:54]} exf5 {[%clk 1:06:50]} 11. Rg1 {[%clk 0:48:59]} Nxc3
{[%clk 1:00:10]} 12. bxc3 {[%clk 0:42:44]} Kh8 {[%clk 0:58:59]} 13. Kd2 {[%clk
0:41:23]} Qa5 {[%clk 0:52:44]} 14. Rg2 {[%clk 0:23:31]} c5 {[%clk 0:42:55]} 15.
Qg1 {[%clk 0:18:23]} Bf6 {[%clk 0:41:13]} 16. Bd6 {[%clk 0:13:59]} Rg8 {[%clk
0:39:14]} 17. Bxf5 {[%clk 0:10:00]} cxd4 {[%clk 0:31:14]} 18. exd4 {[%clk
0:09:00]} Nb6 {[%clk 0:29:52]} 19. Bd3 {[%clk 0:08:58]} Na4 {[%clk 0:29:09]} 20.
Bb4 {[%clk 0:07:46]} Qc7 {[%clk 0:29:21]} 21. Qh2 {[%clk 0:06:22]} Qf7 {[%clk
0:21:06]} 22. Re1 {[%clk 0:03:45]} a5 {[%clk 0:21:04]} 23. Bd6 {[%clk 0:04:00]}
Bd7 {[%clk 0:19:17]} 24. Ne5 {[%clk 0:03:41]} Bxe5 {[%clk 0:17:42]} 25. Bxe5
{[%clk 0:04:10]} Bf5 {[%clk 0:17:06]} 26. Reg1 {[%clk 0:02:31]} Bxd3 {[%clk
0:15:16]} 27. Rxg7 {[%clk 0:02:57]} Rxg7 {[%clk 0:13:39]} 28. Rxg7 {[%clk
0:03:26]} Qxg7 {[%clk 0:12:52]} 29. Bxg7+ {[%clk 0:03:50]} Kxg7 {[%clk 0:13:15]}
30. Qc7+ {[%clk 0:03:39]} Kf8 {[%clk 0:12:39]} 31. cxd3 {[%clk 0:03:46]} b5
{[%clk 0:12:18]} 32. Qb7 {[%clk 0:03:37]} 1-0

[Event "8th Vellmar Chess Days"]
[Site "chess24.com"]
[Date "2016.07.28"]
[Round "1"]
[White "Pubantz, Jan"]
[Black "Daechert, Peter"]
[Result "1/2-1/2"]
[Board "36"]
[WhiteElo "1723"]
[WhiteCountry "GER"]
[WhiteFideId "12996114"]
[WhiteEloChange "7"]
[BlackElo "2016"]
[BlackCountry "GER"]
[BlackFideId "4686713"]
[BlackEloChange "-7"]

1. d4 {[%clk 1:30:59]} f5 {[%clk 1:30:46]} 2. g3 {[%clk 1:30:20]} Nf6 {[%clk
1:31:09]} 3. Bg2 {[%clk 1:30:35]} e6 {[%clk 1:31:30]} 4. Nf3 {[%clk 1:30:31]} b6
{[%clk 1:31:11]} 5. O-O {[%clk 1:26:46]} Bb7 {[%clk 1:31:34]} 6. c4 {[%clk
1:26:01]} Be7 {[%clk 1:31:49]} 7. Nc3 {[%clk 1:22:31]} O-O {[%clk 1:32:10]} 8. a3
{[%clk 1:12:36]} Ne4 {[%clk 1:32:02]} 9. Qc2 {[%clk 1:12:01]} Nxc3 {[%clk
1:32:15]} 10. Qxc3 {[%clk 1:11:49]} Qe8 {[%clk 1:32:27]} 11. Bg5 {[%clk 1:08:35]}
Bf6 {[%clk 1:26:39]} 12. Bxf6 {[%clk 1:02:34]} Rxf6 {[%clk 1:26:14]} 13. Ne5
{[%clk 1:02:45]} Bxg2 {[%clk 1:26:35]} 14. Kxg2 {[%clk 1:02:58]} d6 {[%clk
1:26:32]} 15. Nf3 {[%clk 1:01:38]} Nd7 {[%clk 1:26:49]} 16. b4 {[%clk 0:59:28]}
e5 {[%clk 1:24:33]} 17. dxe5 {[%clk 0:55:43]} dxe5 {[%clk 1:24:52]} 18. Rad1
{[%clk 0:53:14]} e4 {[%clk 1:23:13]} 19. Nd4 {[%clk 0:53:18]} a6 {[%clk 1:20:03]}
20. b5 {[%clk 0:46:54]} a5 {[%clk 1:18:43]} 21. Nc6 {[%clk 0:46:41]} Rh6 {[%clk
1:16:51]} 22. h4 {[%clk 0:44:36]} Re6 {[%clk 1:11:28]} 23. Qd2 {[%clk 0:31:43]}
Ne5 {[%clk 1:04:56]} 24. Nxe5 {[%clk 0:31:27]} Rxe5 {[%clk 1:05:16]} 25. Qd7
{[%clk 0:30:43]} Rc5 {[%clk 1:04:26]} 26. Qxe8+ {[%clk 0:29:11]} Rxe8 {[%clk
1:04:48]} 27. Rd4 {[%clk 0:29:27]} Kf7 {[%clk 1:04:19]} 28. Rfd1 {[%clk 0:29:14]}
Ke6 {[%clk 1:04:21]} 29. g4 {[%clk 0:24:41]} g6 {[%clk 1:03:13]} 30. Kg3 {[%clk
0:23:35]} Re7 {[%clk 1:02:47]} 31. Kf4 {[%clk 0:18:01]} Rf7 {[%clk 0:52:58]} 32.
g5 {[%clk 0:17:05]} Re7 {[%clk 0:52:10]} 33. e3 {[%clk 0:13:50]} Kf7 {[%clk
0:52:31]} 34. Rg1 {[%clk 0:10:47]} c6 {[%clk 0:50:40]} 35. a4 {[%clk 0:07:47]}
cxb5 {[%clk 0:50:21]} 36. axb5 {[%clk 0:05:53]} Rec7 {[%clk 0:50:12]} 37. Rd6
{[%clk 0:05:48]} Rxc4 {[%clk 0:50:26]} 38. Rxb6 {[%clk 0:06:09]} Rb4 {[%clk
0:50:30]} 39. Ra1 {[%clk 0:05:17]} a4 {[%clk 0:50:32]} 40. Ra6 {[%clk 0:02:48]}
Rxb5 {[%clk 0:50:01]} 41. R1xa4 {[%clk 0:02:30]} Rb2 {[%clk 0:50:21]} 42. Kg3
{[%clk 0:02:19]} Rb1 {[%clk 0:50:08]} 43. Kg2 {[%clk 0:01:44]} Rbc1 {[%clk
0:49:58]} 44. Rf6+ {[%clk 0:01:40]} Ke7 {[%clk 0:48:28]} 45. Raa6 {[%clk
0:01:39]} 1/2-1/2

[Event "8th Vellmar Chess Days"]
[Site "chess24.com"]
[Date "2016.07.28"]
[Round "1"]
[White "Luebeck, Stephan, Dr."]
[Black "Schellen, Sven"]
[Result "1-0"]
[Board "37"]
[WhiteElo "2009"]
[WhiteTeam "L�becker SV"]
[WhiteCountry "GER"]
[WhiteFideId "12945269"]
[WhiteEloChange "5"]
[BlackElo "1801"]
[BlackTeam "SF Frankfurt"]
[BlackCountry "GER"]
[BlackFideId "24674885"]
[BlackEloChange "-5"]

1. d4 {[%clk 1:30:30]} Nf6 {[%clk 1:30:30]} 2. Nf3 {[%clk 1:30:30]} e6 {[%clk
1:30:30]} 3. Bg5 {[%clk 1:30:30]} Be7 {[%clk 1:30:30]} 4. Nbd2 {[%clk 1:30:30]}
d5 {[%clk 1:30:30]} 5. e3 {[%clk 1:30:30]} O-O {[%clk 1:30:30]} 6. Bd3 {[%clk
1:30:30]} c5 {[%clk 1:30:30]} 7. c3 {[%clk 1:30:30]} Nc6 {[%clk 1:30:30]} 8. O-O
{[%clk 1:30:30]} h6 {[%clk 1:30:30]} 9. Bh4 {[%clk 1:30:30]} Ng4 {[%clk 1:30:30]}
10. Bxe7 {[%clk 1:30:30]} Qxe7 {[%clk 1:30:30]} 11. h3 {[%clk 1:30:30]} Nf6
{[%clk 1:30:30]} 12. Ne5 {[%clk 1:30:30]} Nxe5 {[%clk 1:30:30]} 13. dxe5 {[%clk
1:30:30]} Nd7 {[%clk 1:30:30]} 14. f4 {[%clk 1:30:30]} Rd8 {[%clk 1:30:30]} 15.
Qh5 {[%clk 1:30:30]} Nf8 {[%clk 1:30:30]} 16. Nf3 {[%clk 1:30:30]} b5 {[%clk
1:30:30]} 17. g4 {[%clk 1:30:30]} f6 {[%clk 1:30:30]} 18. exf6 {[%clk 1:30:30]}
Qxf6 {[%clk 1:30:30]} 19. g5 {[%clk 1:30:30]} Qf7 {[%clk 1:30:30]} 20. Qxf7+
{[%clk 1:30:30]} Kxf7 {[%clk 1:30:30]} 21. Ne5+ {[%clk 1:30:30]} Kg8 {[%clk
1:30:30]} 22. gxh6 {[%clk 1:30:30]} gxh6 {[%clk 1:30:30]} 23. Rf2 {[%clk
1:30:30]} Nd7 {[%clk 1:30:30]} 24. Rg2+ {[%clk 1:30:30]} Kf8 {[%clk 1:30:30]} 25.
Bxb5 {[%clk 1:30:30]} a6 {[%clk 1:30:30]} 26. Bd3 {[%clk 1:30:30]} Nxe5 {[%clk
1:30:30]} 27. fxe5 {[%clk 1:30:30]} Ra7 {[%clk 1:30:30]} 28. Rf1+ {[%clk
1:30:30]} Rf7 {[%clk 1:30:30]} 29. Rg6 {[%clk 1:30:30]} Rxf1+ {[%clk 1:30:30]}
30. Kxf1 {[%clk 1:30:30]} d4 {[%clk 1:30:30]} 31. exd4 {[%clk 1:30:30]} cxd4
{[%clk 1:30:30]} 32. c4 {[%clk 1:30:30]} Ke7 {[%clk 1:30:30]} 33. Rg7+ {[%clk
1:30:30]} Kf8 {[%clk 1:30:30]} 34. Rh7 {[%clk 1:30:30]} Kg8 {[%clk 1:30:30]} 35.
Rxh6 {[%clk 1:30:30]} Rf8+ {[%clk 1:30:30]} 36. Ke2 {[%clk 1:30:30]} Rf7 {[%clk
1:30:30]} 37. Rh4 {[%clk 1:30:30]} Rg7 {[%clk 1:30:30]} 38. Rg4 {[%clk 1:30:30]}
Bb7 {[%clk 1:30:30]} 39. b4 {[%clk 1:30:30]} Bg2 {[%clk 1:30:30]} 40. c5 {[%clk
1:30:30]} Bxh3 {[%clk 1:30:30]} 41. Rxg7+ {[%clk 1:30:30]} Kxg7 {[%clk 1:30:30]}
42. Bxa6 {[%clk 1:30:30]} d3+ {[%clk 1:30:30]} 43. Bxd3 {[%clk 1:30:30]} 1-0

[Event "8th Vellmar Chess Days"]
[Site "chess24.com"]
[Date "2016.07.28"]
[Round "1"]
[White "Rehbein, Ullrich"]
[Black "Schindelmeiser, Frank"]
[Result "1/2-1/2"]
[Board "38"]
[WhiteElo "1800"]
[WhiteTeam "TG Wehlheiden"]
[WhiteCountry "GER"]
[WhiteFideId "4681037"]
[WhiteEloChange "5"]
[BlackElo "2000"]
[BlackTeam "SV Oberursel"]
[BlackCountry "GER"]
[BlackFideId "12976580"]
[BlackEloChange "-5"]

1. Nf3 {[%clk 1:30:30]} c5 {[%clk 1:30:30]} 2. g3 {[%clk 1:30:30]} g6 {[%clk
1:30:30]} 3. Bg2 {[%clk 1:30:30]} Bg7 {[%clk 1:30:30]} 4. O-O {[%clk 1:30:30]}
Nc6 {[%clk 1:30:30]} 5. c4 {[%clk 1:30:30]} e5 {[%clk 1:30:30]} 6. Nc3 {[%clk
1:30:30]} Nge7 {[%clk 1:30:30]} 7. d3 {[%clk 1:30:30]} O-O {[%clk 1:30:30]} 8.
Bg5 {[%clk 1:30:30]} h6 {[%clk 1:30:30]} 9. Bd2 {[%clk 1:30:30]} d6 {[%clk
1:30:30]} 10. Rb1 {[%clk 1:30:30]} f5 {[%clk 1:30:30]} 11. Qc1 {[%clk 1:30:30]}
Kh7 {[%clk 1:30:30]} 12. a3 {[%clk 1:30:30]} a5 {[%clk 1:30:30]} 13. Ne1 {[%clk
1:30:30]} Rb8 {[%clk 1:30:30]} 14. Nc2 {[%clk 1:30:30]} Nd4 {[%clk 1:30:30]} 15.
b4 {[%clk 1:30:30]} a4 {[%clk 1:30:30]} 16. Nxd4 {[%clk 1:30:30]} cxd4 {[%clk
1:30:30]} 17. Nd5 {[%clk 1:30:30]} Be6 {[%clk 1:30:30]} 18. Nxe7 {[%clk 1:30:30]}
Qxe7 {[%clk 1:30:30]} 19. b5 {[%clk 1:30:30]} Rfc8 {[%clk 1:30:30]} 20. Qd1
{[%clk 1:30:30]} e4 {[%clk 1:30:30]} 21. Bb4 {[%clk 1:30:30]} Qd7 {[%clk
1:30:30]} 22. Qxa4 {[%clk 1:30:30]} Ra8 {[%clk 1:30:30]} 23. Qd1 {[%clk 1:30:30]}
d5 {[%clk 1:30:30]} 24. cxd5 {[%clk 1:30:30]} Bxd5 {[%clk 1:30:30]} 25. Qd2
{[%clk 1:30:30]} Qxb5 {[%clk 1:30:30]} 26. dxe4 {[%clk 1:30:30]} Bxe4 {[%clk
1:30:30]} 27. Bxe4 {[%clk 1:30:30]} fxe4 {[%clk 1:30:30]} 28. Bf8 {[%clk
1:30:30]} Qd5 {[%clk 1:30:30]} 29. Bxg7 {[%clk 1:30:30]} Kxg7 {[%clk 1:30:30]}
30. Qb4 {[%clk 1:30:30]} Rc7 {[%clk 1:30:30]} 31. Rfc1 {[%clk 1:30:30]} Rac8
{[%clk 1:30:30]} 32. Rxc7+ {[%clk 1:30:30]} Rxc7 {[%clk 1:30:30]} 33. Qb6 {[%clk
1:30:30]} Rd7 {[%clk 1:30:30]} 34. Qb2 {[%clk 1:30:30]} Kf7 {[%clk 1:30:30]} 35.
Qb3 {[%clk 1:30:30]} Qxb3 {[%clk 1:30:30]} 36. Rxb3 {[%clk 1:30:30]} Ke6 {[%clk
1:30:30]} 37. Rb6+ {[%clk 1:30:30]} Ke5 {[%clk 1:30:30]} 38. Kf1 {[%clk 1:30:30]}
d3 {[%clk 1:30:30]} 39. exd3 {[%clk 1:30:30]} exd3 {[%clk 1:30:30]} 40. Ke1
{[%clk 1:30:30]} d2+ {[%clk 1:30:30]} 41. Kd1 {[%clk 1:30:30]} Kd4 {[%clk
1:30:30]} 42. Rb3 {[%clk 1:30:30]} Kc4 {[%clk 1:30:30]} 43. Re3 {[%clk 1:30:30]}
Rd3 {[%clk 1:30:30]} 44. Rxd3 {[%clk 1:30:30]} Kxd3 {[%clk 1:30:30]} 45. a4
{[%clk 1:30:30]} b6 {[%clk 1:30:30]} 46. h3 {[%clk 1:30:30]} g5 {[%clk 1:30:30]}
47. f4 {[%clk 1:30:30]} gxf4 {[%clk 1:30:30]} 48. gxf4 {[%clk 1:30:30]} Ke4
{[%clk 1:30:30]} 49. Kxd2 {[%clk 1:30:30]} Kxf4 {[%clk 1:30:30]} 50. Kc3 {[%clk
1:30:30]} Ke5 {[%clk 1:30:30]} 51. Kc4 {[%clk 1:30:30]} Kd6 {[%clk 1:30:30]}
1/2-1/2